000
00277nam a2200109Ia 4500
008
200302s9999 xx 000 0 und d
100
_a
James Barlow & Others
245
_a
Towards Positive Partnering
260
_b
The Policy Press,Great Britain
260
_c
1997
300
_a
75 P
999
_c
4950
_d
4950